000 00821nam a2200205 a 4500
003 0
005 20250312080814.0
008 090710s19uu xx 00 eng d
050 _aPHS PE 1128.A2
_b.L477 2009
100 _aLee, Hee Hyun.
245 _aThe Relationship of TOEIC proficiency scores to the self-esteem of upper school ILC students /
_cHee Hyun Lee.
260 _aLas PiƱas City, Philippines :
_bSouthville International School and Colleges,
_c2009.
300 _a26 pages :
_billustrations ;
_c28 cm.
504 _aIncludes bibliographical references.
650 _aEnglish language
_xStudy and teaching
_vForeign speakers.
650 _aTest of English for International Communication.
650 _aLanguage and languages
_xAbility testing.
650 _aSelf-esteem in adolescence.
942 _2lcc
_cPASS
999 _c98256
_d98256